000
00272nam a22001097a 4500
008
170118b xxu||||| |||| 00| 0 eng d
020
_a
9781577540885
041
_a
eng
080
_2
1ST
_a
618.2
245
_a
THE OFFICIAL GUIDE TO THE MCAT EXAM
_c
FINKEL, D.L
942
_2
udc
_c
BK
999
_c
3093
_d
3093